| 000 | 02059cam a22005054i 4500 | ||
|---|---|---|---|
| 003 | PE-LiUPU | ||
| 005 | 20250731165550.0 | ||
| 008 | 150625s r 000 0 d | ||
| 035 | _a(Sirsi) a34408 | ||
| 035 | _a(Sirsi) a34408 | ||
| 040 |
_aPE-LiUPU _bspa _cPE-LiUPU _erda |
||
| 082 | 0 | 4 |
_a985.04 _bD _223 |
| 245 | 0 | 3 |
_aLa Expedición Libertadora : _nVolumen 1. / _cinvestigación, recopilación y prólogo por Gustavo Pons Muzzo. |
| 264 | 1 |
_a[Lima] : _bComisión Nacional del Sesquicentenario de la Independencia del Perú, _c[1971]. |
|
| 300 |
_a535 páginas ; _c24 centímetros. |
||
| 336 |
_atext _2rdacontent |
||
| 337 |
_aunmediated _2rdamedia |
||
| 338 |
_avolume _2rdacarrier |
||
| 490 | 0 |
_aColección Documental de la Independencia del Perú ; _v8 |
|
| 500 | _a"Año del Sesquicentenario de la Independencia Nacional" | ||
| 505 | _aDocumentos sobre cargos y ascensos de San Martín en su carrera militar -- De la batalla de Chacabuco a la de Maipu -- Canje de prisioneros y humanización de la guerra, oficios entre San Martín y el virrey Pezuela -- La preparación de la expedición al virreinato del Perú. | ||
| 526 | _aSEG44 | ||
| 526 | _aSEG26 | ||
| 526 | _aP151 | ||
| 526 | _aP150 | ||
| 526 | _aP149 | ||
| 526 | _aP146 | ||
| 526 | _aP145 | ||
| 526 | _aP126 | ||
| 526 | _aP125 | ||
| 526 | _aP92 | ||
| 526 | _aP75 | ||
| 526 | _aP74 | ||
| 526 | _aP27 | ||
| 526 | _aP15 | ||
| 600 | 1 |
_aSan Martín, José de. _d1778-1850 |
|
| 651 |
_aPerú _xHistoria _yEmancipación, 1808-1824 _vFuentes |
||
| 651 |
_aPerú _xHistoria _xCampañas _yExpedición libertadora, 1808-1824. |
||
| 700 | 1 |
_aPons Muzzo, Gustavo, _d1916-2008. |
|
| 710 | 2 | _a.Comisión Nacional del Sesquicentenario de la Independencia del Perú | |
| 942 |
_2ddc _cBK |
||
| 949 |
_aRC 985.04 D 8 / 1 _wDEWEY _c1 _i17007 _lRC _mBUL _r0 _sY _tBOOK _u2015-6-25 _xBIBLIOTECA _zUNKNOWN _0COMPRA _o.CIRCNOTE. No olvidar cambiar la fecha de devolución!!!!!!! _o.STAFF. Colección General |
||
| 999 |
_c42261 _d42261 |
||
| 980 |
_81 _gALBERTO SANCHEZ Responsable de Automatización |
||